000 00501nam a2200181Ia 4500
008 090124s9999 xx 000 0 und d
082 _b113295
100 _aबुवा वि.आ.
245 _a पडल्या पडल्या
250 _a1
260 _c1970
300 _a100
600 _aबुवा वि.आ.
630 _a पडल्या पडल्या
700 _aबुवा वि.आ.
730 _a पडल्या पडल्या
942 _cBOOK
999 _c159386
_d159386